000 00405nam a2200157Ia 4500
003 Ost
005 20260225132539.0
008 260225s9999||||xx |||||||||||||| ||und||
040 _cfsic
041 _afre
082 _a327
100 _aPierre de senarclen
_eAuteur
245 0 _aMondialisation souverainté théories des relations internationales /
245 0 _cPierre de senarclen
942 _cكتاب
999 _c33407
_d33407